Va banque 889 - Statystyki

Ogólne statystyki
  • Ten quiz został rozwiązany 13 razy
  • Średni wynik to 9 z 40
Statystyki odpowiedzi
Hint Odpowiedź % Poprawnych
Największe pod względem wielkości obszaru państwo Półwyspu Arabskiego Arabia Saudyjska
77%
Znajduje się w nim Burdż Chalifa- najwyższy budynek świata ZEA
77%
Znana z takich przebojów jak I kissed a girl, Smile, Winess Katy Perry
69%
Ten argentyński piłkarz osiem razy zdobył Złotą Piłkę Lionel Messi
62%
Speedy, najszybsza mysz Meksyku Gonzalez
54%
Zdobyła 23 tytuły wielkoszlemowe w grze pojedynczej. W 2022 roku zakończyła karierę Serena Williams
54%
Mała żółta lub czerwona śliwka mirabelka
46%
W ludowej piosence w takiej piwnicy tańcowali zbójnicy murowanej
46%
11.09.2001 roku w Nowym Jorku zniszczony został ten słynny kompleks projektu Minoru Yamasakiego World Trade Center
46%
To niewielkie wyspiarskie państwo było pierwszym emiratem, w którym odkryto złoża ropy naftowej Bahrajn
38%
Na jego terenie znajdują się ruiny starożytnych miast Babilon i Ur Irak
38%
W 1626 roku Peter Minuit kupił tę nowojorską wyspę od lokalnego plemienia za 60 guldenow Manhattan
38%
W 1848 roku amerykańską wojnę z tym państwem zakończył traktat z Guadalupe Hidalgo Meksyk
38%
Zagrał w wielu filmach, ale kojarzony jest z rolą Legolasa w "Władcach pierścieni" Orlando Bloom
38%
Północna górzysta część tego sułtanatu leży nad Zatoką Ormuz Oman
31%
Skąd pochodzi ten cytat: "Kochał wielkiego brata" Rok 1984
31%
Kosmetyk używany, by poprawić koloryt skóry i nadać jej efekt opalenizny bronzer
23%
W 1815 roku pod tym największym miastem Luizjany rozegrała się ostatnia bitwa wojny brytyjsko-amerykanskiej Nowy Orlean
23%
Jednym z założycieli tego krakowskiego kabaretu był Piotr Skrzynecki Piwnica pod baranami
23%
Skąd pochodzi ten cytat: Harpagon:"A ja pójdę uściskać moją kochaną szkatułkę " Skąpiec
23%
Dzielnica Los Angeles w tytule filmu Romana Polańskiego Chinatown
15%
To akt prawny autorstwa m.in Thomasa Jeffersona o niezależności 13 kolonii brytyjskich od Wielkiej Brytanii Deklaracja niepodległości
15%
Nazwa tego miękkiego sera pleśniowego pochodzi od miejscowości w Lombardii gorgonzola
15%
W pobliżu tej miejscowości rozgrywane jest Grand Prix Włoch Formuły 1 Mozna
8%
Skąd pochodzi ten cytat: "I wyprostował się jeszcze dumniej, a dworzanie szli za nim, niosąc tren, którego wcale nie było" Nowe szaty cesarza
8%
wyższa klasa mieszczan patrycjat
8%
W tej części Ursynowa znajduje się zespół pałacowo-parkowy nazwany na cześć córki właścicieli Anatolin
0%
Spisywał dzieje rok po roku annalista
0%
To pseudonim Johna Bonhama z Led Zeppelin, jednego z największych perkusistów wszech czasów Bonzo
0%
Skąd pochodzi ten cytat: "Mały chłopczyk i jego miś będą zawsze bawić się wesoło ze sobą w tym zaczarowanym miejscu na skraju lasu" Chatka Puchatka
0%
Z tego włoskiego rodu pochodziła Ludwika Maria, żona dwóch polskich królów, Władysława IV i Jana Kazimierza Gonzagowie
0%
Dzwonią koniom janczary
0%
Jest nią tatrzańska piwnica Miętusia Jaskinia Tatrzańska
0%
Ten francuski architekt, szwajcarskiego pochodzenia w 1925 roku stworzył odważny plan przebudowy centrum Paryża Le Corbusier
0%
Od 1956 roku ten brazylijski twórca wraz z Lucio Costąvi Joaquimem Cardozo zbudował nową stolicę, Brasilię Oscar Niemeyer
0%
Ryba znana też jako paszczak piotrosz
0%
to beskidzkie uzdrowisko leży nad Popradem Piwniczna Zdrój
0%
To określenie winiarskiej piwnicy pochodzi z języka hiszpańskiego podega
0%
W 1794 roku wybuchły te zbrojne rozruchy przeciwko podatkowi akcyzowemu wprowadzonemu przez Alexandra Hamiltona rebelia o whiskey
0%
Wezwanie do stanięcia w szranki lub sprowokowanie do podjęcia polemiki rzucenie rękawicą
0%
Nie znaleziono quizów pasujących do podanych kryteriów
Rozkład punktacji
Procent ludzi z każdym wynikiem
Percentyl według liczby udzielonych odpowiedzi
Twoja historia wyników
Nie rozwiązałeś tego quizu